-
Budynas R.G & Nisbett, J.K.
Entry Personal Name
Number of records used in: 1
001 - CONTROL NUMBER
003 - CONTROL NUMBER IDENTIFIER
005 - DATE AND TIME OF LATEST TRANSACTION
- control field:
20160613100635.0
008 - FIXED-LENGTH DATA ELEMENTS
- fixed length control field:
160613|| aca||aabn | a|a d
040 ## - CATALOGING SOURCE
- Original cataloging agency:
OSt
- Transcribing agency:
OSt
100 ## - HEADING--PERSONAL NAME
- Personal name:
Budynas R.G & Nisbett, J.K.
670 ## - SOURCE DATA FOUND
- Source citation:
Work cat.: (OSt): Budynas R.G & Nisbett, J.K., Shigley's mechanical engineering design, 2008